000 00415nam a2200181Ia 4500
001 18084
005 20260306171604.0
008 260306s9999||||xx |||||||||||||| ||und||
041 _aESP
082 _a658.401
_bM56
100 _aMiklos, Tomás
_eAUT
245 0 _aPlaneación interactiv0a
260 _c2007
300 _a104 páginas :
_ccm.
650 _aGEN
654 _aCAN
942 _cLIB
_dJUS
_fJUS
_2ddc
_n
999 _c18084
_d18084